[Event "BL"]
[Site "BL"]
[Date "1994.??.??"]
[Round "?"]
[White "Hort, Vlastimil"]
[Black "Shirov, Alexei D"]
[Result "0-1"]
[WhiteElo "2535"]
[BlackElo "2715"]
[PlyCount "37"]
[EventDate "1994.??.??"]
[Source "www.chesslib.no"]
[SourceDate "2004.05.04"]

1. e4 c5 2. Nf3 d6 3. d4 cxd4 4. Nxd4 Nf6 5. Nc3 g6 6. Be3 Bg7 7. f3 Nc6 8. Qd2 O-O 9. Bc4 Bd7 10. h4 Qa5 11. O-O-O Rfc8 12. Bb3 Ne5 13. Kb1 Rab8 14. Bh6 Bxh6 15. Qxh6 Rxc3 16. bxc3 Qxc3 17. h5 Nxh5 18. Ne2 Qa5 19. Nf4 0-1

[Event "Interclubs Adultes"]
[Site "France"]
[Date "2004.04.02"]
[Round "5.3"]
[White "Tkachiev, Vladislav"]
[Black "Bauer, Christian"]
[Result "1/2-1/2"]
[WhiteElo "2642"]
[BlackElo "2599"]
[PlyCount "64"]
[EventDate "2004.04.01"]
[Source "Roberto Alvarez"]
[SourceDate "2004.04.05"]

1. Nf3 c5 2. e4 g6 3. d4 cxd4 4. Nxd4 Nf6 5. Nc3 d6 6. Be3 Bg7 7. f3 O-O 8. Qd2 Nc6 9. Bc4 Bd7 10. O-O-O Qa5 11. Bb3 Rfc8 12. Kb1 Ne5 13. Rhe1 Rab8 14. Bg5 b5 15. Bxf6 Bxf6 16. Nd5 Qxd2 17. Rxd2 Kg7 18. f4 Nc4 19. Bxc4 bxc4 20. c3 Bxd4 21. Rxd4 e5 22. Rd2 exf4 23. Nxf4 Rc6 24. Rd4 Re8 25. Re2 h5 26. Kc1 Re5 27. Red2 h4 28. Kd1 Bg4+ 29. Ke1 Bf5 30. Re2 Bg4 31. Red2 Bf5 32. Re2 Bg4 1/2-1/2

[Event "42nd Capablanca Memorial - Elite"]
[Site "L'Avana CUB"]
[Date "2007.05.24"]
[Round "6"]
[White "Arencibia Rodriguez, W."]
[Black "Gashimov, V."]
[Result "0-1"]
[WhiteElo "2555"]
[BlackElo "2644"]
[PlyCount "134"]
[EventDate "2007.05.18"]
[Source "www.chesslib.no"]
[SourceDate "2004.05.04"]

1. e4 c5 2. Nf3 d6 3. d4 cxd4 4. Nxd4 Nf6 5. Nc3 g6 6. Be3 Bg7 7. f3 O-O 8. Qd2 Nc6 9. Bc4 Bd7 10. h4 Qa5 11. O-O-O Rfc8 12. Bb3 Ne5 13. Kb1 Nc4 14. Bxc4 Rxc4 15. Nb3 Qc7 16. g4 Rc8 17. e5 Ne8 18. Nd5 Qd8 19. c3 Bc6 20. h5 Bxe5 21. hxg6 hxg6 22. Qe2 Bxd5 23. Rxd5 Bg7 24. Qh2 e6 25. Rd3 Kf8 26. Nd2 R4c6 27. Bh6 Bxh6 28. Qxh6+ Ke7 29. f4 Nf6 30. f5 gxf5 31. gxf5 e5 32. Qh4 Kd7 33. Ne4 Nxe4 34. Qxe4 Kc7 35. Rh7 Qf6 36. Rg3 Kb8 37. Rgg7 Rc4 38. Qd3 R4c7 39. a3 Rd8 40. c4 Rdc8 41. Ka2 a6 42. Qd5 Rf8 43. Qe4 Re7 44. Rg3 Rc7 45. Rb3 Rfc8 46. Rb6 Rc6 47. Rxc6 Rxc6 48. Qg4 Rc8 49. Qh5 Rf8 50. Rh6 Qe7 51. Qd1 Rd8 52. Qd5 Qc7 53. Rh7 Rd7 54. Rh8+ Ka7 55. f6 Kb6 56. b4 Qc6 57. Kb3 Rc7 58. Qd3 Ka7 59. Rd8 Rd7 60. Rxd7 Qxd7 61. Qd5 Qh3+ 62. Kb2 Qh2+ 63. Kb3 Qg3+ 64. Ka4 Qc3 65. Qxf7 Qc2+ 66. Ka5 Qb3 67. a4 Qxc4 0-1

[Event "60th ch-RUS Higher League"]
[Site "Krasnoyarsk RUS"]
[Date "2007.09.03"]
[Round "1"]
[White "Smirnov, P."]
[Black "Chuprov, D."]
[Result "1/2-1/2"]
[WhiteElo "2636"]
[BlackElo "2554"]
[PlyCount "103"]
[EventDate "2007.09.03"]
[Source "www.chesslib.no"]
[SourceDate "2004.05.04"]

1. e4 c5 2. Nf3 Nc6 3. d4 cxd4 4. Nxd4 g6 5. Nc3 Bg7 6. Be3 Nf6 7. Bc4 O-O 8. Bb3 d6 9. f3 Bd7 10. h4 Qa5 11. Qd2 Rfc8 12. O-O-O Ne5 13. Kb1 Nc4 14. Bxc4 Rxc4 15. Nb3 Qc7 16. Bd4 Be6 17. h5 a5 18. a4 b5 19. Nxb5 Qb8 20. hxg6 hxg6 21. Nc3 Rb4 22. Rh4 Bxb3 23. cxb3 Rxb3 24. Nb5 Rb4 25. Qc2 Qb7 26. g4 Rc8 27. Qh2 Rxb5 28. axb5 Qxb5 29. Rh1 Qd3+ 30. Ka2 Nh5 31. Bxg7 Kxg7 32. Rxh5 gxh5 33. Qxh5 Qc4+ 34. b3 Qc2+ 35. Ka3 Qc5+ 36. Qxc5 Rxc5 37. Ka4 Rc3 38. Rb1 Rc5 39. Rd1 Rc3 40. Rb1 Rc5 41. Rd1 Rc3 42. f4 Re3 43. Rb1 Rxe4+ 44. Kxa5 Rxf4 45. b4 Rxg4 46. b5 Kf6 47. b6 Rg8 48. Ka6 Ke5 49. Kb7 f5 50. Re1+ Kd4 51. Rxe7 f4 52. Rf7 1/2-1/2

[Event "12th Chicago Open"]
[Site "Oak Brook"]
[Date "2003.05.24"]
[Round "3"]
[White "Kaidanov, Gregory S"]
[Black "Kudrin, Sergey"]
[Result "1-0"]
[WhiteElo "2640"]
[BlackElo "2524"]
[PlyCount "119"]
[EventDate "2003.05.23"]
[Source "Roberto Alvarez"]
[SourceDate "2003.06.09"]

1. e4 c5 2. Nf3 d6 3. d4 cxd4 4. Nxd4 Nf6 5. Nc3 g6 6. Be3 Bg7 7. f3 Nc6 8. Qd2 O-O 9. Bc4 Bd7 10. O-O-O Qa5 11. Kb1 Rfc8 12. Bb3 Ne5 13. Rhe1 b5 14. Ncxb5 Qa6 15. Nc3 Rab8 16. Nd5 Nxd5 17. exd5 Qb7 18. Bh6 Bf6 19. Bg5 a5 20. Bxf6 exf6 21. f4 a4 22. fxe5 fxe5 23. Nc6 axb3 24. cxb3 Bxc6 25. dxc6 Rxc6 26. Qd5 Rbc8 27. Rd2 Qc7 28. a3 h5 29. b4 Kg7 30. b5 Rc5 31. Qxd6 Rc1+ 32. Rxc1 Qxc1+ 33. Ka2 Qc4+ 34. b3 Qxb5 35. a4 Qe8 36. Rd5 Rc2+ 37. Ka3 Re2 38. a5 Qc8 39. Qc5 Qf5 40. Qc3 Kh7 41. Qf3 Qe6 42. Rc5 Rd2 43. Qe4 f6 44. Rc7+ Rd7 45. Rxd7+ Qxd7 46. Qb4 Qc6 47. Qb6 Qc1+ 48. Ka4 Qa1+ 49. Kb5 Qf1+ 50. Kc6 Qxg2+ 51. Kd6 Qd2+ 52. Ke6 e4 53. a6 e3 54. Qc7+ Kh6 55. Qf4+ g5 56. Qxf6+ Kh7 57. Qf5+ Kh6 58. a7 e2 59. a8=Q e1=Q+ 60. Kf7 1-0

[Event "Hrvatska 85/205"]
[Site "?"]
[Date "2002.??.??"]
[Round "?"]
[White "Hracek, Z."]
[Black "Cebalo, M."]
[Result "0-1"]
[WhiteElo "2600"]
[BlackElo "2548"]
[PlyCount "66"]
[EventDate "2002.??.??"]
[Source "Chess Informant"]
[SourceDate "2002.06.01"]

1. e4 c5 2. Nf3 d6 3. d4 Nf6 4. Nc3 cxd4 5. Nxd4 g6 6. Be3 Bg7 7. f3 O-O 8. Qd2 Nc6 9. Bc4 Bd7 10. O-O-O Qa5 11. Bb3 Rfc8 12. h4 Ne5 13. h5 Rxc3 14. bxc3 Nxh5 15. Bh6 Bxh6 16. Qxh6 Nf6 17. Kb2 Rc8 18. Qe3 Qc5 19. Rh4 a5 20. Rdh1 e6 21. a4 b5 22. axb5 a4 23. Ba2 Bxb5 24. Rxh7 Nxh7 25. Qh6 Qxc3+ 26. Kb1 Bc4 27. Qxh7+ Kf8 28. Bxc4 Rxc4 29. Qh4 Ke8 30. Qf6 Kd7 31. Rh8 Rc8 32. Rxc8 Kxc8 33. Ne2 Qb4+ 0-1

[Event "II Torneo de las Américas"]
[Site "Buenos Aires"]
[Date "2003.08.22"]
[Round "5"]
[White "Milos, Gilberto"]
[Black "Kudrin, Sergey"]
[Result "1-0"]
[WhiteElo "2592"]
[BlackElo "2538"]
[PlyCount "101"]
[EventDate "2003.08.17"]
[Source "Roberto Alvarez"]
[SourceDate "2003.09.01"]

1. e4 c5 2. Nf3 d6 3. d4 cxd4 4. Nxd4 Nf6 5. Nc3 g6 6. Be3 Bg7 7. f3 Nc6 8. Qd2 O-O 9. Bc4 Bd7 10. O-O-O Qa5 11. Bb3 Rfc8 12. g4 Ne5 13. h4 b5 14. h5 Nc4 15. Bxc4 bxc4 16. hxg6 fxg6 17. Kb1 Rab8 18. Ka1 Qb4 19. Qc1 Be8 20. a3 Qb7 21. Ne6 Bh8 22. Rh4 Rc6 23. e5 Bf7 24. Ng5 dxe5 25. Rdh1 h5 26. gxh5 Nxh5 27. Nxf7 Kxf7 28. Ne4 Bf6 29. Rg4 Rg8 30. Qd2 Rcc8 31. Qc3 Qd5 32. Rh2 Qd1+ 33. Ka2 Rgd8 34. Rhg2 Qxf3 35. Ng5+ Bxg5 36. Rxg5 Nf6 37. Rxg6 Rd5 38. Rg7+ Ke6 39. Rxe7+ Kxe7 40. Bc5+ Rcxc5 41. Qxf3 e4 42. Rg7+ Ke6 43. Qh3+ Rf5 44. Rxa7 Rce5 45. Qc3 Rc5 46. Qd4 Rfe5 47. Ra6+ Kf7 48. Qd8 Rf5 49. Ra7+ Kg6 50. Qf8 Rfe5 51. Ra6 1-0

[Event "Baden Casino op"]
[Site "Baden"]
[Date "1999.04.05"]
[Round "5"]
[White "Rogers, Ian"]
[Black "Cebalo, Miso"]
[Result "1/2-1/2"]
[WhiteElo "2618"]
[BlackElo "2511"]
[PlyCount "144"]
[EventDate "1999.04.??"]
[Source "www.chesslib.no"]
[SourceDate "2004.05.04"]

1. e4 c5 2. Nf3 d6 3. d4 cxd4 4. Nxd4 Nf6 5. Nc3 g6 6. Be3 Bg7 7. f3 Nc6 8. Qd2 O-O 9. Bc4 Bd7 10. O-O-O Ne5 11. Bb3 Qa5 12. h4 Rfc8 13. g4 b5 14. h5 Nc4 15. Bxc4 bxc4 16. hxg6 fxg6 17. Kb1 Rab8 18. Ka1 Qb4 19. Rb1 Rc5 20. a3 Qb7 21. Nde2 Ra5 22. Bd4 e5 23. Be3 Qa6 24. Nc1 Be6 25. g5 Nh5 26. Rd1 Bf8 27. N1a2 Ng7 28. f4 Nh5 29. f5 gxf5 30. exf5 Bxf5 31. Nd5 Rxd5 32. Qxd5+ Kh8 33. Rf1 Ng7 34. Qf7 Qc8 35. Rh1 Rb7 36. Qd5 Bg6 37. Rbf1 Nf5 38. Bf2 Bg7 39. Nc3 a6 40. Rd1 Rb8 41. Rhe1 Qg8 42. Qxg8+ Kxg8 43. Nd5 Bf7 44. c3 Rb5 45. Nc7 Rb7 46. Nxa6 d5 47. Nc5 Rc7 48. Rd2 e4 49. Nxe4 dxe4 50. Rd8+ Bf8 51. Rxe4 Kg7 52. Re5 Be7 53. Ra8 Bg6 54. Ra7 Rxa7 55. Bxa7 Bxg5 56. a4 h5 57. a5 h4 58. a6 h3 59. Bg1 Be3 60. Bh2 Kf6 61. Re4 Bf7 62. Ka2 Bd5 63. Re8 Kg5 64. Rd8 Bg2 65. Ka3 Nh6 66. Kb4 Ng4 67. Bb8 Nf2 68. Rh8 Nd3+ 69. Kxc4 Nxb2+ 70. Kb3 Nd3 71. a7 Nf4 72. Bxf4+ Kxf4 1/2-1/2

[Event "Krasnodar Kuban"]
[Site "Krasnodar"]
[Date "1999.11.17"]
[Round "5"]
[White "Brodsky, Michail"]
[Black "Tregubov, Pavel V"]
[Result "1/2-1/2"]
[WhiteElo "2512"]
[BlackElo "2609"]
[PlyCount "88"]
[EventDate "1999.11.13"]
[Source "www.chesslib.no"]
[SourceDate "2004.05.04"]

1. e4 c5 2. Nf3 d6 3. d4 cxd4 4. Nxd4 Nf6 5. Nc3 g6 6. Be3 Bg7 7. f3 O-O 8. Qd2 Nc6 9. Bc4 Bd7 10. O-O-O Qa5 11. Kb1 Ne5 12. Be2 Rfc8 13. g4 b5 14. Ncxb5 Qxd2 15. Bxd2 Nc4 16. Bxc4 Rxc4 17. c3 Rb8 18. Na3 Rc7 19. Rhe1 Be8 20. Ndc2 Nd7 21. Nb4 Nc5 22. b3 a5 23. Nd5 Ra7 24. Bg5 Kf8 25. Kc2 Rc8 26. Be3 Rb7 27. Bd4 Bh6 28. h4 a4 29. b4 Ne6 30. Be3 Bg7 31. Kd3 Nc7 32. Rc1 Nxd5 33. exd5 e6 34. Rc2 Bd7 35. dxe6 fxe6 36. Bd2 e5 37. c4 h5 38. Rg1 Be6 39. b5 Rf7 40. Ke3 Ke7 41. gxh5 gxh5 42. Ke2 Bf5 43. Bg5+ Ke6 44. Rd2 e4 1/2-1/2

[Event "NED-ch"]
[Site "Leeuwarden"]
[Date "2002.06.23"]
[Round "4"]
[White "Van den Doel, Erik"]
[Black "Reinderman, Dimitri"]
[Result "0-1"]
[WhiteElo "2583"]
[BlackElo "2537"]
[PlyCount "86"]
[EventDate "2002.06.20"]
[Source "ChessBase"]
[SourceDate "2002.09.20"]

1. e4 c5 2. Nf3 Nc6 3. d4 cxd4 4. Nxd4 g6 5. Nc3 Bg7 6. Be3 Nf6 7. Bc4 O-O 8. Bb3 d6 9. f3 Bd7 10. h4 Qa5 11. Qd2 Rfc8 12. O-O-O Ne5 13. h5 Rxc3 14. bxc3 Nxh5 15. Bh6 Bxh6 16. Qxh6 Nf6 17. Ne2 Bc6 18. Kb2 Qc5 19. Nf4 a5 20. Rd5 Qe3 21. Rd4 a4 22. Bd5 e6 23. Nxe6 a3+ 24. Kb1 Qxh6 25. Rxh6 fxe6 26. Bxe6+ Kf8 27. Bb3 Ke7 28. Kc1 Ra5 29. Kd2 Rc5 30. Rb4 g5 31. Rd4 g4 32. f4 Ned7 33. Kd3 Bb5+ 34. c4 Bc6 35. Ke3 Ra5 36. c3 Ra8 37. Bc2 Re8 38. g3 Kf7 39. f5 Kg7 40. Rh1 Nc5 41. Kf4 Bxe4 42. Bxe4 Ncxe4 43. Rb1 Nxc3 0-1

[Event "Hastings ENG"]
[Site "Hastings ENG"]
[Date "1974.??.??"]
[Round "?"]
[White "Tal, Mikhail N"]
[Black "Garcia Gonzales, Guillermo"]
[Result "1-0"]
[WhiteElo "2635"]
[BlackElo "2450"]
[PlyCount "105"]
[EventDate "1974.??.??"]
[Source "www.chesslib.no"]
[SourceDate "2004.05.04"]

1. e4 c5 2. Nf3 d6 3. d4 cxd4 4. Nxd4 Nf6 5. Nc3 g6 6. Be3 Bg7 7. f3 Nc6 8. Qd2 O-O 9. Bc4 Bd7 10. Bb3 Qa5 11. O-O-O Ne5 12. Bh6 Rfc8 13. Bxg7 Kxg7 14. h4 Rxc3 15. Qxc3 Qxc3 16. bxc3 Rc8 17. Kb2 a5 18. a3 h5 19. Rhe1 Rc5 20. Ne2 a4 21. Ba2 Be6 22. Bxe6 fxe6 23. Nf4 Kf7 24. Nd3 Nc4+ 25. Ka2 Rc7 26. Rb1 Na5 27. Rb5 b6 28. Rxb6 Rxc3 29. Kb2 Rc7 30. Rb4 Nc4+ 31. Ka2 Nd7 32. Reb1 Ne3 33. Rb7 Rxc2+ 34. R1b2 Rc3 35. Rxd7 Rxd3 36. Rbb7 Nc4 37. Rbc7 Rxa3+ 38. Kb1 Rc3 39. Ra7 Kf6 40. Rxe7 Rb3+ 41. Kc1 Rc3+ 42. Kb1 Rb3+ 43. Kc2 Ne3+ 44. Kd2 Nxg2 45. Rf7+ Ke5 46. Ra5+ d5 47. exd5 exd5 48. Rxa4 Ke6 49. Rf8 Ke7 50. Rg8 Kf7 51. Rd8 Rxf3 52. Rxd5 Rf4 53. Ra6 1-0

[Event "Kobenhavn (open)"]
[Site "?"]
[Date "1995.??.??"]
[Round "?"]
[White "Glek, I."]
[Black "Ward, Ch"]
[Result "1-0"]
[WhiteElo "2590"]
[BlackElo "2485"]
[PlyCount "61"]
[EventDate "1995.??.??"]
[Source "ChessBase"]
[SourceDate "1995.06.01"]

1. e4 c5 2. Nf3 d6 3. d4 cxd4 4. Nxd4 Nf6 5. Nc3 g6 6. Be3 Bg7 7. f3 Nc6 8. Qd2 O-O 9. Bc4 Bd7 10. h4 Ne5 11. Bb3 Qa5 12. O-O-O Rfc8 13. Kb1 b5 14. Ncxb5 Qd8 15. Qe2 Rc5 16. Nc3 Rb8 17. Ne6 fxe6 18. Bxc5 dxc5 19. f4 c4 20. fxe5 cxb3 21. exf6 bxa2+ 22. Nxa2 exf6 23. Rh3 f5 24. c3 Qc7 25. exf5 exf5 26. Nb4 f4 27. Na6 Bf5+ 28. Rhd3 Qb6 29. Nxb8 Qxb8 30. Kc1 Bf6 31. Rd8+ 1-0

[Event "URS-chT"]
[Site "Riga"]
[Date "1975.??.??"]
[Round "?"]
[White "Gipslis, Aivars"]
[Black "Gufeld, Eduard"]
[Result "1/2-1/2"]
[WhiteElo "2530"]
[BlackElo "2535"]
[PlyCount "58"]
[EventDate "1975.??.??"]
[Source "ChessBase"]

1. e4 c5 2. Nf3 d6 3. d4 Nf6 4. Nc3 cxd4 5. Nxd4 g6 6. Be3 Bg7 7. f3 Nc6 8. Qd2 O-O 9. Bc4 Bd7 10. O-O-O Qa5 11. Kb1 Rab8 12. h4 Ne5 13. Bb3 b5 14. Nd5 Qd8 15. Bh6 Bxh6 16. Qxh6 e6 17. Nxf6+ Qxf6 18. h5 a5 19. hxg6 Qxg6 20. a3 a4 21. Ba2 b4 22. axb4 Rxb4 23. c3 Rb6 24. Nc2 Rfb8 25. Nb4 Nc6 26. Rxd6 Qxh6 27. Rxh6 Nxb4 28. Rxb6 Rxb6 29. cxb4 Rxb4 1/2-1/2

[Event "Cup Yug M 2002"]
[Site "?"]
[Date "2002.05.18"]
[Round "6"]
[White "Kovacevic Aleksandar"]
[Black "Markovic Miroslav"]
[Result "1-0"]
[WhiteElo "2547"]
[BlackElo "2517"]
[PlyCount "87"]
[EventDate "2002.??.??"]
[Source "www.chesslib.no"]
[SourceDate "2004.05.04"]

1. e4 c5 2. Nf3 d6 3. d4 cxd4 4. Nxd4 Nf6 5. Nc3 g6 6. Be3 Bg7 7. f3 O-O 8. Qd2 Nc6 9. Bc4 Bd7 10. Bb3 Qa5 11. O-O-O Rfc8 12. h4 Ne5 13. g4 b5 14. h5 Nc4 15. Bxc4 Rxc4 16. Kb1 Rac8 17. hxg6 fxg6 18. Nb3 Qc7 19. e5 Rxc3 20. bxc3 Ne8 21. exd6 Qxd6 22. Bd4 e5 23. Bxa7 Qxd2 24. Nxd2 Nf6 25. Rhe1 Be6 26. Ne4 Nd5 27. Kb2 Nf4 28. Rd6 Ra8 29. Ng5 Bc4 30. Rd7 h6 31. Ne4 Be2 32. Nd2 e4 33. Bd4 Bxd4 34. Rxd4 e3 35. Nb3 Rf8 36. Rxf4 Rxf4 37. Rxe2 Rxf3 38. Nd4 Rg3 39. Nxb5 Kg7 40. Nd4 Kf6 41. a4 Ke5 42. a5 Kd6 43. a6 Kc7 44. Re1 1-0

[Event "Luzern (open)"]
[Site "?"]
[Date "1994.??.??"]
[Round "?"]
[White "Istratescu, A."]
[Black "Golubev, M."]
[Result "0-1"]
[WhiteElo "2515"]
[BlackElo "2545"]
[PlyCount "104"]
[EventDate "1994.??.??"]
[Source "ChessBase"]
[SourceDate "1994.06.01"]

1. e4 c5 2. Nf3 d6 3. d4 cxd4 4. Nxd4 Nf6 5. Nc3 g6 6. Be3 Bg7 7. f3 Nc6 8. Qd2 O-O 9. Bc4 Bd7 10. O-O-O Qa5 11. h4 Ne5 12. Bb3 Rfc8 13. Kb1 Nc4 14. Bxc4 Rxc4 15. Nb3 Qa6 16. h5 Rac8 17. hxg6 fxg6 18. Bh6 Bh8 19. Bg5 Be6 20. g4 b5 21. Qh2 Kf8 22. e5 dxe5 23. Bxf6 Bxf6 24. Qxh7 Bf7 25. Rd7 Rd4 26. Nxd4 exd4 27. Rd1 b4 28. R7xd4 bxc3 29. Rd8+ Rxd8 30. Rxd8+ Be8 31. Qh6+ Kf7 32. Qc1 cxb2 33. Qd1 Bc6 34. f4 Bg2 35. f5 Qf1 36. fxg6+ Kxg6 37. Qxf1 Bxf1 38. Rc8 e5 39. Kxb2 e4+ 40. Kc1 e3 41. Re8 Kf7 42. Re4 Bg5 43. Kd1 Bg2 44. Re5 Bf3+ 45. Ke1 Bh4+ 46. Kf1 e2+ 47. Rxe2 Bxe2+ 48. Kxe2 Ke6 49. Ke3 Kd5 50. Kd3 Bf6 51. Ke3 Kc4 52. Ke4 a5 0-1

[Event "Vladimir Kontic mem"]
[Site "?"]
[Date "2000.05.??"]
[Round "?"]
[White "Ivanovic Bozidar"]
[Black "Motylev Alexander"]
[Result "1/2-1/2"]
[WhiteElo "2502"]
[BlackElo "2552"]
[PlyCount "85"]
[EventDate "2000.??.??"]
[Source "www.chesslib.no"]
[SourceDate "2004.05.04"]

1. e4 c5 2. Nf3 Nc6 3. d4 cxd4 4. Nxd4 g6 5. Nc3 Bg7 6. Be3 Nf6 7. Bc4 O-O 8. Bb3 d6 9. f3 Bd7 10. Qd2 Qa5 11. O-O-O Rfc8 12. h4 Ne5 13. Kb1 Nc4 14. Bxc4 Rxc4 15. Nb3 Qc7 16. Bd4 Be6 17. h5 a5 18. hxg6 hxg6 19. a4 b5 20. Nxb5 Qb8 21. Nc3 Rb4 22. Rh4 Qb7 23. Rdh1 Rb8 24. Rh7 Nxh7 25. Bxg7 Kxg7 26. Qh6+ Kf6 27. Qf4+ Kg7 28. Qh6+ Kf6 29. Qh4+ Ng5 30. f4 Bxb3 31. fxg5+ Ke6 32. Qg4+ Ke5 33. Qg3+ Ke6 34. Qg4+ Ke5 35. Qg3+ Kd4 36. cxb3 Rxb3 37. Nb5+ Kc4 38. Rc1+ Kb4 39. Nc3 Rc8 40. Qd3 Rbxc3 41. Rxc3 Rxc3 42. Qxc3+ Kxa4 43. Qc4+ 1/2-1/2

[Event "Lost Boys op"]
[Site "Amsterdam"]
[Date "2000.08.15"]
[Round "5"]
[White "Solleveld, Maarten"]
[Black "Tregubov, Pavel V"]
[Result "0-1"]
[WhiteElo "2426"]
[BlackElo "2620"]
[PlyCount "125"]
[EventDate "2000.08.05"]
[Source "ChessBase"]
[SourceDate "2000.09.14"]

1. e4 c5 2. Nf3 d6 3. d4 cxd4 4. Nxd4 Nf6 5. Nc3 g6 6. Be3 Bg7 7. f3 O-O 8. Qd2 Nc6 9. Bc4 Bd7 10. O-O-O Qa5 11. h4 Rfc8 12. Bb3 Ne5 13. Kb1 b5 14. Ncxb5 Qxd2 15. Bxd2 Nc4 16. Nc3 Nxd2+ 17. Rxd2 h5 18. Re1 Rc5 19. g3 Rb8 20. Ka1 Kf8 21. Rd3 Be8 22. f4 Ng4 23. a3 e6 24. Rf1 Bd7 25. Ka2 Ke7 26. Nd1 Be8 27. c3 e5 28. Ne2 Bb5 29. Rd2 Bc4 30. Bxc4 Rxc4 31. fxe5 dxe5 32. Nf2 Nxf2 33. Rxf2 Rxe4 34. Rd5 Bh6 35. c4 Ke6 36. Rc5 Rd8 37. Nc3 Red4 38. Nd5 f5 39. Rc6+ Rd6 40. Rc7 Rd7 41. Rc6+ Kf7 42. Rf6+ Kg7 43. Re6 Rxc4 44. Rxe5 Rc5 45. Nf6 Rxe5 46. Nxd7 Rd5 47. Nb8 Rd3 48. Rg2 Rd2 49. Rg1 Be3 50. Rc1 Bd4 51. Rc7+ Kh6 52. Rb7 Be5 53. Nd7 Bxg3 54. Rxa7 Bxh4 55. Ne5 Bf2 56. Ra6 Bd4 57. Nc4 Re2 58. Rd6 Bg1 59. Rd1 Bf2 60. a4 h4 61. a5 g5 62. Ka3 g4 63. Ra1 0-1

[Event "open"]
[Site "Arco"]
[Date "2003.10.26"]
[Round "9"]
[White "Korneev, Oleg"]
[Black "Cebalo, Miso"]
[Result "1-0"]
[WhiteElo "2559"]
[BlackElo "2486"]
[PlyCount "54"]
[EventDate "2003.10.18"]
[Source "Roberto Alvarez"]
[SourceDate "2003.11.10"]

1. e4 c5 2. Nf3 d6 3. d4 cxd4 4. Nxd4 Nf6 5. Nc3 g6 6. Be3 Bg7 7. f3 O-O 8. Qd2 Nc6 9. Bc4 Bd7 10. O-O-O Qa5 11. Bb3 Rfc8 12. h4 Ne5 13. g4 b5 14. h5 Nc4 15. Bxc4 bxc4 16. Bh6 Bh8 17. Nf5 Re8 18. hxg6 fxg6 19. Bg7 Bxg7 20. Nxg7 Rf8 21. Qh6 Rf7 22. g5 Rxg7 23. gxf6 exf6 24. Rxd6 Qg5+ 25. Qxg5 fxg5 26. Nd5 Be8 27. e5 Rc7 1-0

[Event "GEO-ch 62th"]
[Site "?"]
[Date "2002.06.03"]
[Round "13"]
[White "Lobzhanidze Davit"]
[Black "Gelashvili Tamaz"]
[Result "0-1"]
[WhiteElo "2491"]
[BlackElo "2552"]
[PlyCount "74"]
[EventDate "2002.??.??"]
[Source "www.chesslib.no"]
[SourceDate "2004.05.04"]

1. e4 c5 2. Nf3 Nc6 3. d4 cxd4 4. Nxd4 g6 5. Nc3 Bg7 6. Be3 Nf6 7. Bc4 O-O 8. Bb3 d6 9. f3 Bd7 10. Qd2 Qa5 11. O-O-O Rfc8 12. Kb1 Ne5 13. g4 Nc4 14. Bxc4 Rxc4 15. Nb3 Qa6 16. e5 Ne8 17. Nd5 e6 18. Ne7+ Kf8 19. exd6 Rd8 20. Bg5 f6 21. Qa5 Qxa5 22. Nxa5 Rb4 23. Bd2 Rb6 24. Be3 Rb5 25. Nb3 f5 26. Bxa7 Be5 27. c4 Rxb3 28. axb3 Bxd6 29. c5 Bxe7 30. Bb6 Nf6 31. Bxd8 Bxd8 32. gxf5 gxf5 33. Rxd7 Nxd7 34. b4 Ne5 35. Re1 Nxf3 36. Rxe6 f4 37. Re4 Nd2+ 0-1

[Event "Novak Nikolic mem 2nd"]
[Site "Belgrade"]
[Date "2000.02.07"]
[Round "5"]
[White "Pikula, Dejan"]
[Black "Velimirovic, Dragoljub"]
[Result "1-0"]
[WhiteElo "2476"]
[BlackElo "2558"]
[PlyCount "55"]
[EventDate "2000.02.02"]
[Source "ChessBase"]
[SourceDate "2000.05.31"]

1. e4 c5 2. Nf3 d6 3. d4 cxd4 4. Nxd4 Nf6 5. Nc3 g6 6. Be3 Bg7 7. f3 Nc6 8. Qd2 O-O 9. Bc4 Bd7 10. O-O-O Qa5 11. Bb3 Rfc8 12. h4 Ne5 13. h5 Nxh5 14. Nd5 Qxd2+ 15. Rxd2 Kf8 16. g4 Nf6 17. Rdh2 Bxg4 18. Nxf6 Bxf6 19. fxg4 Nxg4 20. Rxh7 Nxe3 21. Rxf7+ Ke8 22. Rhh7 Bxd4 23. Rxe7+ Kd8 24. Rd7+ Ke8 25. Rhe7+ Kf8 26. Rf7+ Ke8 27. Rde7+ Kd8 28. Rxb7 1-0

[Event "corr SSKK tn"]
[Site "?"]
[Date "1988.??.??"]
[Round "?"]
[White "Andersson, PGV."]
[Black "Duenhaupt, HW."]
[Result "1/2-1/2"]
[WhiteElo "2505"]
[BlackElo "2525"]
[PlyCount "70"]
[EventDate "1988.??.??"]
[Source "www.chesslib.no"]
[SourceDate "2004.05.04"]

1. e4 c5 2. Nf3 d6 3. d4 cxd4 4. Nxd4 Nf6 5. Nc3 g6 6. Be3 Bg7 7. f3 O-O 8. Qd2 Nc6 9. Bc4 Bd7 10. O-O-O Qa5 11. Bb3 Rfc8 12. Kb1 Ne5 13. h4 Nc4 14. Bxc4 Rxc4 15. Nb3 Qc7 16. Bd4 Be6 17. h5 a5 18. hxg6 hxg6 19. a4 Rb4 20. Rh4 b5 21. Nxb5 Qc4 22. Rdh1 Rxa4 23. Nc3 Rb4 24. g4 a4 25. Bxf6 exf6 26. Qh2 Kf8 27. Qxd6+ Kg8 28. Qh2 Kf8 29. Rh8+ Bxh8 30. Qxh8+ Ke7 31. Qxa8 axb3 32. Re1 bxc2+ 33. Kc1 Kd7 34. Re2 Ke7 35. f4 Rxb2 1/2-1/2

[Event "Kecskemet Dutep"]
[Site "Kecskemet"]
[Date "1988.??.??"]
[Round "?"]
[White "Hodgson, Julian M"]
[Black "Watson, William N"]
[Result "1/2-1/2"]
[WhiteElo "2525"]
[BlackElo "2500"]
[PlyCount "39"]
[EventDate "1988.10.18"]
[Source "ChessBase"]

1. e4 c5 2. Nf3 d6 3. d4 cxd4 4. Nxd4 Nf6 5. Nc3 g6 6. Be3 Bg7 7. f3 O-O 8. Qd2 Nc6 9. Bc4 Bd7 10. O-O-O Qa5 11. Kb1 Ne5 12. Bb3 Rfc8 13. Bg5 Nc4 14. Bxc4 Rxc4 15. Bxf6 Bxf6 16. Nd5 Qxd2 17. Nxf6+ Kg7 18. Nh5+ Kh6 19. Rxd2 gxh5 20. Rhd1 1/2-1/2

[Event "BCF-ch 86th"]
[Site "Scarborough"]
[Date "1999.08.03"]
[Round "3"]
[White "Kunte, Abhijit"]
[Black "Conquest, Stuart"]
[Result "1/2-1/2"]
[WhiteElo "2465"]
[BlackElo "2555"]
[PlyCount "93"]
[EventDate "1999.08.05"]
[Source "ChessBase"]
[SourceDate "1999.09.14"]

1. e4 c5 2. Nf3 Nc6 3. d4 cxd4 4. Nxd4 g6 5. Nc3 Bg7 6. Be3 Nf6 7. Bc4 O-O 8. Bb3 d6 9. f3 Bd7 10. h4 Qa5 11. Qd2 Ne5 12. O-O-O Rfc8 13. Kb1 Nc4 14. Bxc4 Rxc4 15. Nb3 Qa6 16. h5 Rac8 17. hxg6 fxg6 18. g4 b5 19. Bh6 Bh8 20. Bg5 Be6 21. Qh2 Kf8 22. e5 dxe5 23. Bxf6 Bxf6 24. Qxh7 Bf7 25. Rd7 Qc6 26. Rhd1 Rd4 27. Nxd4 exd4 28. R7xd4 Bxd4 29. Rxd4 Qxf3 30. Qh8+ Bg8 31. Qh6+ Ke8 32. Qxg6+ Bf7 33. Qh6 Qf1+ 34. Rd1 Qc4 35. Qh8+ Bg8 36. Qh5+ Bf7 37. Qxb5+ Qxb5 38. Nxb5 a6 39. Nd4 Rc5 40. b3 Bg6 41. Kb2 Re5 42. Rd2 Re4 43. Nc6 Kf7 44. Rd4 Re2 45. Rf4+ Ke8 46. Rc4 Rg2 47. Ne5 1/2-1/2

[Event "VISA GP"]
[Site "Reykjavik"]
[Date "1998.03.17"]
[Round "8"]
[White "Stefansson, Hannes"]
[Black "Ward, Christopher"]
[Result "0-1"]
[WhiteElo "2540"]
[BlackElo "2480"]
[PlyCount "68"]
[EventDate "1998.03.10"]
[Source "ChessBase"]
[SourceDate "1998.06.15"]

1. e4 c5 2. Nf3 d6 3. d4 cxd4 4. Nxd4 Nf6 5. Nc3 g6 6. Be3 Bg7 7. f3 Nc6 8. Qd2 O-O 9. Bc4 Bd7 10. O-O-O Qa5 11. h4 Ne5 12. Bb3 Rfc8 13. Kb1 Nc4 14. Bxc4 Rxc4 15. Nb3 Qc7 16. Bd4 Be6 17. h5 a5 18. a4 b5 19. Nxb5 Qb8 20. Nc3 Rb4 21. hxg6 hxg6 22. Bxf6 Bxf6 23. Nd5 Bxd5 24. Qxd5 Ra6 25. f4 e6 26. Qd3 Rab6 27. Rh3 Rxa4 28. f5 d5 29. fxe6 Qe5 30. exf7+ Kf8 31. c3 Rxb3 32. exd5 Rab4 33. Rd2 Qe1+ 34. Ka2 Qc1 0-1

[Event "Krasnodar"]
[Site "Krasnodar"]
[Date "2000.??.??"]
[Round "10"]
[White "Tseshkovsky, Vitaly"]
[Black "Beshukov, Sergei"]
[Result "1-0"]
[WhiteElo "2558"]
[BlackElo "2460"]
[PlyCount "81"]
[EventDate "2000.??.??"]
[Source "www.chesslib.no"]
[SourceDate "2004.05.04"]

1. e4 c5 2. Nf3 g6 3. d4 cxd4 4. Nxd4 Nc6 5. Nc3 Bg7 6. Be3 Nf6 7. Bc4 O-O 8. Bb3 d6 9. f3 Bd7 10. Qd2 Qa5 11. O-O-O Rfc8 12. Kb1 Ne5 13. h4 b5 14. h5 Nxh5 15. g4 Nf6 16. Bh6 Bxh6 17. Qxh6 Rxc3 18. g5 Nh5 19. Rxh5 gxh5 20. Rh1 Rxb3 21. axb3 Ng6 22. Qxh5 Nf8 23. g6 fxg6 24. Qd5+ Kg7 25. Qxa8 Qb6 26. Rd1 e6 27. b4 h5 28. f4 h4 29. f5 e5 30. f6+ Kf7 31. Nf3 Bc6 32. Qc8 Bd7 33. Ng5+ Kg8 34. Qc3 Qc6 35. Qf3 Qc4 36. Rf1 Bg4 37. f7+ Kg7 38. Qf6+ Kh6 39. Rh1 Qxb4 40. Qh8+ Kxg5 41. Qxf8 1-0